000 00529nam a2200205Ia 4500
003 OSt
005 20220926041219.0
006 a|||||r|||| 00| 0
007 ta
008 220923b |||||||| |||| 00| 0 eng d
037 _cGeneral Book
040 _aRTL
_cRTL
_beng
041 _2eng
_aeng
082 _aY1:3:1, J5;3
100 _aHerskovits Melville F
_9344647
245 0 _aCultural anthropology.
260 _c1955
942 _hY1:3:1, J5;3
_cGB
_2CC
999 _c666644
_d666644